[Event "Titled Tuesday intern op 16th Apr Early"]
[Site "Chess.com INT"]
[Date "2024.04.16"]
[Round "5"]
[White "Aaditya, Dhingra"]
[Black "Nusrat Jahan, Alo"]
[Result "1-0"]
[WhiteElo "2495"]
[BlackElo "1873"]
[PlyCount "117"]
[EventDate "2024.04.16"]
[EventType "swiss (blitz)"]
[EventRounds "11"]
[EventCountry "USA"]
[SourceTitle "CB17_2024"]
[SourceDate "2024.04.24"]
[SourceVersion "1"]
[SourceVersionDate "2024.04.24"]
[SourceQuality "1"]

1. e4 c5 2. Nf3 e6 3. d4 cxd4 4. Nxd4 a6 5. Bd3 Nf6 6. 0-0 Qc7 7. Qe2 d6 8. c4 Be7 9. Nc3 b6 10. f4 Nbd7 11. Be3 Bb7 12. Rac1 Nc5 13. Bf2 Rc8 14. Bb1 0-0 15. b4 Ncd7 16. Bd3 Qb8 17. f5 e5 18. Nb3 Rc7 19. a4 Rfc8 20. a5 b5 21. Nd2 bxc4 22. Nxc4 d5 23. exd5 Nxd5 24. Nxd5 Bxd5 25. Rcd1 Bxc4 26. Bxc4 Rxc4 27. Rxd7 Bxb4 28. Qh5 g6 29. fxg6 hxg6 30. Qf3 Rf4 31. Qd5 Qb5 32. Qxb5 axb5 33. g3 Rf6 34. Bb6 Bc5+ 35. Bxc5 Rxf1+ 36. Kxf1 Rxc5 37. a6 Rc8 38. a7 Kg7 39. Rb7 Ra8 40. Ke2 b4 41. Kd3 Kf6 42. Kc4 Kf5 43. Kxb4 Ke4 44. Kc3 Ke3 45. Rxf7 e4 46. Re7 Rc8+ 47. Kb4 Kd3 48. Kb5 e3 49. Kb6 e2 50. Kb7 Rh8 51. h4 Kd2 52. g4 e1Q 53. Rxe1 Kxe1 54. a8Q Rxh4 55. Qa1+ Ke2 56. Qe5+ Kd3 57. g5 Rb4+ 58. Kc6 Rc4+ 59. Kb5 1-0

[Event "Titled Tuesday intern op 19th Dec Early"]
[Site "Chess.com INT"]
[Date "2023.12.19"]
[Round "8"]
[White "Aaditya, Dhingra"]
[Black "Goltseva, Ekaterina"]
[Result "1-0"]
[WhiteElo "2495"]
[BlackElo "2331"]
[PlyCount "57"]
[EventDate "2023.12.19"]
[EventType "swiss (blitz)"]
[EventRounds "11"]
[EventCountry "USA"]
[SourceTitle "CB52_2023"]
[SourceDate "2023.12.27"]
[SourceVersion "1"]
[SourceVersionDate "2023.12.27"]
[SourceQuality "1"]

1. d4 d5 2. Nc3 Nf6 3. Bf4 e6 4. Nb5 Na6 5. e3 Be7 6. Nf3 0-0 7. c4 c6 8. Nc3 dxc4 9. Bxc4 b5 10. Bd3 b4 11. Ne4 c5 12. Qc2 b3 13. Qxb3 Nb4 14. 0-0 Nxd3 15. Qxd3 Bb7 16. Nxf6+ Bxf6 17. Rfd1 Bxf3 18. gxf3 cxd4 19. Qe4 Qa5 20. exd4 Rad8 21. Be5 Bxe5 22. dxe5 Rd2 23. b4 Qd8 24. Rxd2 Qxd2 25. a3 h5 26. Re1 Rd8 27. Qe3 Qa2 28. Qxa7 Rd3 29. Qa8+ 1-0

[Event "Titled Tuesday intern op 19th Dec Early"]
[Site "Chess.com INT"]
[Date "2023.12.19"]
[Round "7"]
[White "Aaditya, Dhingra"]
[Black "Pranav, V."]
[Result "0-1"]
[WhiteElo "2495"]
[BlackElo "2611"]
[PlyCount "52"]
[EventDate "2023.12.19"]
[EventType "swiss (blitz)"]
[EventRounds "11"]
[EventCountry "USA"]
[SourceTitle "CB52_2023"]
[SourceDate "2023.12.27"]
[SourceVersion "1"]
[SourceVersionDate "2023.12.27"]
[SourceQuality "1"]

1. Nf3 d5 2. c4 d4 3. b4 f6 4. d3 e5 5. a3 a5 6. b5 Nd7 7. g3 Nc5 8. Bg2 Bd6 9. a4 Ne7 10. 0-0 0-0 11. Nbd2 c6 12. Ba3 Be6 13. Qc2 Rc8 14. Rfb1 b6 15. Ne1 cxb5 16. axb5 f5 17. Bxc5 Bxc5 18. Nef3 Ng6 19. h4 Qf6 20. Ng5 Ne7 21. Nxe6 Qxe6 22. Ra4 Kh8 23. Nb3 f4 24. Nd2 fxg3 25. fxg3 Nf5 26. Bh3 Qg6 0-1

[Event "Titled Tuesday intern op 19th Dec Early"]
[Site "Chess.com INT"]
[Date "2023.12.19"]
[Round "9"]
[White "Kashefi, Amir Hossein"]
[Black "Aaditya, Dhingra"]
[Result "1-0"]
[WhiteElo "2185"]
[BlackElo "2495"]
[PlyCount "107"]
[EventDate "2023.12.19"]
[EventType "swiss (blitz)"]
[EventRounds "11"]
[EventCountry "USA"]
[SourceTitle "CB52_2023"]
[SourceDate "2023.12.27"]
[SourceVersion "1"]
[SourceVersionDate "2023.12.27"]
[SourceQuality "1"]

1. d4 d5 2. c4 c6 3. Nc3 Nf6 4. cxd5 cxd5 5. Nf3 Nc6 6. Bf4 a6 7. e3 Bg4 8. Rc1 e6 9. Qb3 Bb4 10. Ne5 Qa5 11. a3 Bxc3+ 12. Qxc3 Qxc3+ 13. Rxc3 Nxe5 14. Bxe5 0-0 15. Bxf6 gxf6 16. Bd3 Rfc8 17. Kd2 Rxc3 18. bxc3 Rc8 19. a4 Bh5 20. Rb1 Rc7 21. f4 Bg6 22. f5 Bxf5 23. Bxf5 exf5 24. a5 Kf8 25. Rb6 Ke7 26. g3 h6 27. Kd3 h5 28. h4 Rd7 29. Rb1 Ke6 30. Rb2 Rc7 31. Rb4 Rd7 32. Rb6+ Ke7 33. Ke2 Rc7 34. Rb3 Kd6 35. Kf3 Ke6 36. Kf4 Rc6 37. Rxb7 Rxc3 38. Rb6+ Ke7 39. Rxa6 Rc1 40. Kf3 Rf1+ 41. Ke2 Rg1 42. Kf2 Ra1 43. Ra8 Ra2+ 44. Kf3 Ra1 45. a6 Ke6 46. a7 Ke7 47. Ke2 Ra3 48. Kd2 Ra1 49. Kc3 Ra6 50. Kb4 Ra1 51. Kb5 Ra2 52. Kc6 Ra5 53. Kb6 Ra1 54. Rb8 1-0

[Event "Titled Tuesday intern op 12th Dec Early"]
[Site "Chess.com INT"]
[Date "2023.12.12"]
[Round "1"]
[White "Aaditya, Dhingra"]
[Black "Federzoni, Enzo"]
[Result "0-1"]
[WhiteElo "2495"]
[BlackElo "2170"]
[PlyCount "94"]
[EventDate "2023.12.12"]
[EventType "swiss (blitz)"]
[EventRounds "11"]
[EventCountry "USA"]
[SourceTitle "CB51_2023"]
[SourceDate "2023.12.20"]
[SourceVersion "1"]
[SourceVersionDate "2023.12.20"]
[SourceQuality "1"]

1. b3 e5 2. Bb2 Nc6 3. g3 d5 4. Bg2 Nf6 5. e3 Bd6 6. Ne2 0-0 7. 0-0 e4 8. d3 h5 9. dxe4 Nxe4 10. Qxd5 Ng5 11. h4 Nh7 12. Qxh5 Re8 13. Nbc3 Ne5 14. Be4 g6 15. Qh6 Ng4 16. Qf4 Bxf4 17. Nxf4 Nhf6 18. Rad1 Qe7 19. Bf3 Ne5 20. Bg2 Bg4 21. Ncd5 Nxd5 22. Nxd5 Qd8 23. f3 Be6 24. f4 c6 25. Nc3 Qb6 26. fxe5 Qxe3+ 27. Kh2 Qxe5 28. Rfe1 Qa5 29. Ne4 Qxa2 30. Nf6+ Kh8 31. Bd4 Red8 32. h5 Rxd4 33. Rxd4 Qxc2 34. h6 Qxb3 35. Rd6 Qc3 36. Rf1 Qe5 37. Rdd1 Bf5 38. Rc1 Qxf6 39. Be4 Qg5 40. Bxf5 gxf5 41. Rc5 Qxh6+ 42. Kg2 Rd8 43. Rcxf5 Rd2+ 44. R1f2 Rxf2+ 45. Rxf2 Qe3 46. Rxf7 c5 47. Rxb7 c4 0-1

[Event "Titled Tuesday intern op 12th Dec Early"]
[Site "Chess.com INT"]
[Date "2023.12.12"]
[Round "7"]
[White "Aaditya, Dhingra"]
[Black "Ivic, Velimir"]
[Result "0-1"]
[WhiteElo "2495"]
[BlackElo "2570"]
[PlyCount "112"]
[EventDate "2023.12.12"]
[EventType "swiss (blitz)"]
[EventRounds "11"]
[EventCountry "USA"]
[SourceTitle "CB51_2023"]
[SourceDate "2023.12.20"]
[SourceVersion "1"]
[SourceVersionDate "2023.12.20"]
[SourceQuality "1"]

1. Nf3 Nc6 2. e4 e5 3. Bc4 Nf6 4. d3 Bc5 5. c3 0-0 6. 0-0 d6 7. a4 a5 8. h3 h6 9. Re1 Be6 10. Nbd2 Bxc4 11. dxc4 Re8 12. Nf1 Qd7 13. Qd3 Qe6 14. Ne3 Bxe3 15. Bxe3 b6 16. Nh2 Rf8 17. Nf1 Ne7 18. Ng3 Nd7 19. b3 f5 20. exf5 Nxf5 21. Nxf5 Rxf5 22. Qd5 Re8 23. Red1 Rf7 24. b4 Qxd5 25. cxd5 Ra8 26. Rdb1 Nf6 27. bxa5 Rxa5 28. c4 Rf8 29. Bd2 Ra7 30. a5 Rfa8 31. Rb5 g5 32. f3 Kf7 33. Kf2 Nd7 34. Bc3 Ke7 35. h4 gxh4 36. Kg1 bxa5 37. Rbxa5 Rxa5 38. Rxa5 Rxa5 39. Bxa5 Nb6 40. Bxb6 cxb6 41. Kh2 Kf6 42. Kh3 Kg5 43. Kh2 e4 44. fxe4 Kf4 45. Kh3 Kxe4 46. Kxh4 Kd4 47. g4 Kxc4 48. Kh5 b5 49. Kxh6 b4 50. g5 b3 51. g6 b2 52. g7 b1Q 53. g8Q Qh1+ 54. Kg7 Qg2+ 55. Kf8 Qxg8+ 56. Kxg8 Kxd5 0-1

[Event "Titled Tuesday intern op 12th Dec Early"]
[Site "Chess.com INT"]
[Date "2023.12.12"]
[Round "8"]
[White "Rogov, Matfey"]
[Black "Aaditya, Dhingra"]
[Result "0-1"]
[WhiteElo "2213"]
[BlackElo "2495"]
[PlyCount "94"]
[EventDate "2023.12.12"]
[EventType "swiss (blitz)"]
[EventRounds "11"]
[EventCountry "USA"]
[SourceTitle "CB51_2023"]
[SourceDate "2023.12.20"]
[SourceVersion "1"]
[SourceVersionDate "2023.12.20"]
[SourceQuality "1"]

1. e4 g6 2. Nc3 Bg7 3. f4 c6 4. Nf3 d5 5. d3 Bg4 6. Be2 Bxf3 7. Bxf3 Nf6 8. 0-0 dxe4 9. dxe4 Qxd1 10. Rxd1 e5 11. fxe5 Nfd7 12. e6 fxe6 13. Bg4 Ke7 14. Bf4 Ne5 15. Bh3 Nbd7 16. Ne2 Rhf8 17. Bg5+ Bf6 18. Bh6 Rfd8 19. Nf4 Nf7 20. Nxe6 Nxh6 21. Nxd8 Rxd8 22. Bxd7 Rxd7 23. Rxd7+ Kxd7 24. c3 Nf7 25. Kf2 Nd6 26. Kf3 Nc4 27. Rd1+ Ke6 28. b3 Nd6 29. c4 Nf7 30. g3 Ne5+ 31. Kf4 Be7 32. h4 h6 33. Ke3 a5 34. Kd4 Bd6 35. c5 Bc7 36. Rf1 Nd7 37. g4 Be5+ 38. Kc4 Bf6 39. h5 g5 40. b4 axb4 41. Kxb4 Be7 42. Rf5 Ne5 43. Rf2 Nd3+ 44. Ka5 Nxf2 45. Kb6 Nxe4 46. Kxb7 Kd7 47. a4 Nxc5+ 0-1

[Event "Titled Tuesday intern op 14th Nov Early"]
[Site "Chess.com INT"]
[Date "2023.11.14"]
[Round "7"]
[White "Fier, Alexandr"]
[Black "Aaditya, Dhingra"]
[Result "0-1"]
[WhiteElo "2570"]
[BlackElo "2495"]
[PlyCount "116"]
[EventDate "2023.11.14"]
[EventType "swiss (blitz)"]
[EventRounds "11"]
[EventCountry "USA"]
[SourceTitle "CB47_2023"]
[SourceDate "2023.11.22"]
[SourceVersion "1"]
[SourceVersionDate "2023.11.22"]
[SourceQuality "1"]

1. Nf3 Nf6 2. g3 b5 3. Bg2 Bb7 4. 0-0 c5 5. a4 a6 6. d3 e6 7. e4 d6 8. Nc3 b4 9. Ne2 Nbd7 10. Nd2 Qc7 11. f4 Be7 12. b3 0-0 13. Bb2 Rfe8 14. h3 Nb8 15. g4 Nc6 16. g5 Nd7 17. Ng3 Nd4 18. Nf3 Qb6 19. Kh1 d5 20. e5 Nxf3 21. Qxf3 g6 22. h4 Bf8 23. h5 Rab8 24. Qg4 Bg7 25. Rae1 a5 26. Kh2 Qc7 27. Rh1 Rbd8 28. Re2 c4 29. d4 Nb6 30. Kg1 Ba6 31. Rf2 Rc8 32. Qh4 Bf8 33. Bf1 Ra8 34. Rfh2 Re7 35. Bh3 cxb3 36. cxb3 Bd3 37. Rd2 Bb1 38. Kg2 Be4+ 39. Nxe4 dxe4 40. Kg3 e3 41. Rdh2 Nd5 42. Bg2 Rd8 43. Be4 e2 44. Rxe2 Nc3 45. Bxc3 Qxc3+ 46. Kg4 Qxd4 47. hxg6 fxg6 48. Bxg6 Rdd7 49. Be4 Qc3 50. g6 Rg7 51. Qf6 Qxb3 52. Kh4 Be7 53. gxh7+ Kh8 54. Kh5 Bxf6 55. exf6 Rxh7+ 56. Bxh7 Rxh7+ 57. Kg6 Qd3+ 58. Kg5 Qf5# 0-1

[Event "Titled Tuesday intern op 26th Sep Early"]
[Site "Chess.com INT"]
[Date "2023.09.26"]
[Round "4"]
[White "Aaditya, Dhingra"]
[Black "Cardozo Munar, Carlos Eduardo"]
[Result "1-0"]
[WhiteElo "2495"]
[BlackElo "2043"]
[PlyCount "73"]
[EventDate "2023.09.26"]
[EventType "swiss (blitz)"]
[EventRounds "11"]
[EventCountry "USA"]
[SourceTitle "EXT 2024"]
[Source "ChessBase"]
[SourceDate "2023.10.10"]
[SourceVersion "1"]
[SourceVersionDate "2023.10.10"]
[SourceQuality "1"]

1. Nf3 d5 2. e3 c6 3. c4 Nf6 4. Nc3 Bf5 5. b3 e6 6. Bb2 Nbd7 7. Be2 Bd6 8. Nh4 Be4 9. d3 Bg6 10. Qc2 Qe7 11. Nxg6 hxg6 12. a3 a6 13. d4 e5 14. dxe5 Nxe5 15. cxd5 cxd5 16. Rd1 Rc8 17. Qb1 Bxa3 18. Nxd5 Nxd5 19. Rxd5 Bb4+ 20. Kf1 Bd6 21. f4 Nc6 22. Qd1 Bb8 23. Bg4 f5 24. Bf3 Rd8 25. Rxd8+ Nxd8 26. Kf2 0-0 27. Qd5+ Kh7 28. h4 Ba7 29. Qe5 Qxe5 30. Bxe5 b5 31. h5 gxh5 32. Rxh5+ Kg8 33. Rg5 Re8 34. Rxg7+ Kf8 35. Rxa7 Ne6 36. Bd5 Nc5 37. Bg7# 1-0

[Event "Titled Tuesday intern op 26th Sep Early"]
[Site "Chess.com INT"]
[Date "2023.09.26"]
[Round "10"]
[White "Aaditya, Dhingra"]
[Black "Mendonca, Leon Luke"]
[Result "1-0"]
[WhiteElo "2495"]
[BlackElo "2622"]
[PlyCount "149"]
[EventDate "2023.09.26"]
[EventType "swiss (blitz)"]
[EventRounds "11"]
[EventCountry "USA"]
[SourceTitle "EXT 2024"]
[Source "ChessBase"]
[SourceDate "2023.10.10"]
[SourceVersion "1"]
[SourceVersionDate "2023.10.10"]
[SourceQuality "1"]

1. e4 c6 2. d3 d5 3. Nd2 g6 4. Ngf3 Bg7 5. g3 Nf6 6. Bg2 0-0 7. 0-0 Bg4 8. h3 Bxf3 9. Bxf3 e6 10. Bg2 a5 11. a4 Na6 12. c3 Nc5 13. e5 Nfd7 14. Nf3 b5 15. axb5 cxb5 16. Bg5 Qc7 17. Be7 Rfe8 18. Bd6 Qb6 19. Qe2 Nb7 20. d4 Nxd6 21. exd6 b4 22. cxb4 Qxb4 23. Ra3 Qxd6 24. Rfa1 Qb6 25. Qd2 Nb8 26. Rxa5 Rxa5 27. Rxa5 Nc6 28. Ra4 Rb8 29. Bf1 Bf6 30. Qf4 Qd8 31. Ra6 Nb4 32. Ra7 Nc6 33. Ra6 Nb4 34. Ra4 Nc6 35. g4 Bg7 36. Ra6 Rc8 37. Ra4 h6 38. Bb5 Qc7 39. Qxc7 Rxc7 40. Ra8+ Kh7 41. Bxc6 Rxc6 42. Ra7 Kg8 43. Ra8+ Bf8 44. Ne5 Rc7 45. Kg2 Kg7 46. Rb8 Bd6 47. Nd3 Rc4 48. Rb6 Rxd4 49. Rxd6 Rxd3 50. Rb6 g5 51. b4 Rb3 52. b5 h5 53. Rb7 h4 54. b6 Kf6 55. Rb8 Ke5 56. b7 f6 57. Kf1 Rb2 58. Ke1 d4 59. Kf1 d3 60. Rd8 Rxb7 61. Rxd3 Rb4 62. Kg2 Rd4 63. Re3+ Re4 64. Ra3 Rb4 65. Ra5+ Kd6 66. Ra6+ Kd5 67. Ra5+ Kc6 68. Ra6+ Rb6 69. Ra8 Kd6 70. Rf8 Ke5 71. Rd8 Rb5 72. Rc8 f5 73. gxf5 exf5 74. Rg8 f4 75. Rxg5+ 1-0

[Event "Titled Tuesday intern op 26th Sep Early"]
[Site "Chess.com INT"]
[Date "2023.09.26"]
[Round "1"]
[White "Aaditya, Dhingra"]
[Black "Silva, Pedro Gil Ferreira"]
[Result "1-0"]
[WhiteElo "2495"]
[BlackElo "2212"]
[PlyCount "69"]
[EventDate "2023.09.26"]
[EventType "swiss (blitz)"]
[EventRounds "11"]
[EventCountry "USA"]
[SourceTitle "EXT 2024"]
[Source "ChessBase"]
[SourceDate "2023.10.10"]
[SourceVersion "1"]
[SourceVersionDate "2023.10.10"]
[SourceQuality "1"]

1. b3 c5 2. Bb2 Nc6 3. f4 d5 4. Nf3 Nf6 5. e3 a6 6. Be2 e6 7. 0-0 Be7 8. h3 0-0 9. d3 b5 10. a4 Bb7 11. Nbd2 Qb6 12. Kh2 Rfd8 13. Ne5 Nxe5 14. Bxe5 d4 15. a5 Qa7 16. Bxf6 Bxf6 17. e4 Qb8 18. e5 Be7 19. Bf3 Qc7 20. Bxb7 Qxb7 21. Qg4 Rac8 22. f5 exf5 23. Rxf5 g6 24. Rf2 Qd5 25. Qf4 Qe6 26. Raf1 Rf8 27. Ne4 c4 28. bxc4 bxc4 29. Nf6+ Kg7 30. Ng4 cxd3 31. cxd3 Rc5 32. Qh6+ Kh8 33. Nf6 Qxe5+ 34. g3 Bxf6 35. Qxf8# 1-0

[Event "Titled Tuesday intern op 19th Sep Early"]
[Site "Chess.com INT"]
[Date "2023.09.19"]
[Round "10"]
[White "Aaditya, Dhingra"]
[Black "Majer, Damir"]
[Result "1-0"]
[WhiteElo "2495"]
[BlackElo "2246"]
[PlyCount "97"]
[EventDate "2023.09.19"]
[EventType "swiss (blitz)"]
[EventRounds "11"]
[EventCountry "USA"]
[SourceTitle "EXT 2024"]
[Source "ChessBase"]
[SourceDate "2023.10.10"]
[SourceVersion "1"]
[SourceVersionDate "2023.10.10"]
[SourceQuality "1"]

1. e4 e6 2. d4 d5 3. Nc3 dxe4 4. Nxe4 Bd7 5. Nf3 Bc6 6. Ng3 Nd7 7. Bd3 Ngf6 8. 0-0 g6 9. Re1 Bxf3 10. Qxf3 c6 11. h4 Qa5 12. Bg5 Be7 13. a3 h6 14. Bf4 Nd5 15. b4 Qb6 16. Bd2 Bxh4 17. c4 N5f6 18. Bf4 Bg5 19. c5 Qd8 20. Bd6 Rg8 21. Bc4 Nb6 22. Bxe6 fxe6 23. Rxe6+ Kf7 24. Re7+ Qxe7 25. Bxe7 Kxe7 26. Re1+ Kd7 27. cxb6 axb6 28. Ne4 Nxe4 29. Qg4+ Kc7 30. Qxe4 Rad8 31. b5 Rge8 32. Qxe8 Rxe8 33. Rxe8 cxb5 34. Re6 Bf4 35. Rxg6 Bd6 36. Rxh6 Bxa3 37. g4 b4 38. Rh3 Bb2 39. Rb3 Bxd4 40. Rxb4 Bc5 41. Re4 b5 42. g5 b4 43. g6 Bf8 44. Rf4 Bh6 45. Rxb4 Kc6 46. Rh4 Bg7 47. Rh7 Bd4 48. g7 Bxg7 49. Rxg7 1-0

[Event "Titled Tuesday intern op 05th Sep Early"]
[Site "Chess.com INT"]
[Date "2023.09.05"]
[Round "1"]
[White "Aaditya, Dhingra"]
[Black "Bogaudinov, Rushan"]
[Result "1-0"]
[WhiteElo "2495"]
[BlackElo "1853"]
[PlyCount "119"]
[EventDate "2023.09.05"]
[EventType "swiss (blitz)"]
[EventRounds "11"]
[EventCountry "USA"]
[SourceTitle "EXT 2024"]
[Source "ChessBase"]
[SourceDate "2023.10.10"]
[SourceVersion "1"]
[SourceVersionDate "2023.10.10"]
[SourceQuality "1"]

1. c4 Nf6 2. Nc3 e5 3. Nf3 d6 4. g3 g6 5. Bg2 Bg7 6. 0-0 0-0 7. Rb1 a5 8. a3 Nc6 9. d3 Bg4 10. h3 Be6 11. b4 axb4 12. axb4 Qd7 13. Ng5 Rab8 14. Nxe6 Qxe6 15. Nd5 Qd7 16. Bg5 Nxd5 17. cxd5 Nd4 18. Bd2 f5 19. e3 Nb5 20. Qb3 Kh8 21. Rfc1 Ra8 22. Ra1 Bf6 23. Qc4 Kg7 24. Ra5 Rxa5 25. bxa5 Rc8 26. Qa4 c6 27. a6 c5 28. a7 Ra8 29. Rb1 Rxa7 30. Qxb5 Qxb5 31. Rxb5 Bd8 32. Bf1 Kf7 33. d4 cxd4 34. exd4 e4 35. Bf4 Ke7 36. Bg5+ Kd7 37. Bxd8 Kxd8 38. Rb4 Kc7 39. Kg2 Ra5 40. Bb5 Ra2 41. Rb3 Rd2 42. Be8 Rxd4 43. Bf7 Rc4 44. Bg8 h6 45. Bh7 Rc5 46. Bxg6 Rxd5 47. g4 fxg4 48. hxg4 Re5 49. Kg3 d5 50. Kf4 Re7 51. Kf5 Kc6 52. Kf6 Rc7 53. Rc3+ Kd6 54. Rxc7 Kxc7 55. Ke5 Kc6 56. Bf7 Kc5 57. Bxd5 b5 58. Bxe4 Kc4 59. f4 Kc5 60. g5 1-0

[Event "Titled Tuesday intern op 05th Sep Early"]
[Site "Chess.com INT"]
[Date "2023.09.05"]
[Round "2"]
[White "Aaditya, Dhingra"]
[Black "Terry, Renato"]
[Result "0-1"]
[WhiteElo "2495"]
[BlackElo "2520"]
[PlyCount "92"]
[EventDate "2023.09.05"]
[EventType "swiss (blitz)"]
[EventRounds "11"]
[EventCountry "USA"]
[SourceTitle "EXT 2024"]
[Source "ChessBase"]
[SourceDate "2023.10.10"]
[SourceVersion "1"]
[SourceVersionDate "2023.10.10"]
[SourceQuality "1"]

1. d4 d5 2. c4 dxc4 3. e3 Nf6 4. Bxc4 e6 5. Nf3 a6 6. 0-0 c5 7. dxc5 Bxc5 8. a3 0-0 9. b4 Bd6 10. Bb2 Qe7 11. Nbd2 Nbd7 12. Ng5 Be5 13. Bxe5 Nxe5 14. Be2 Rd8 15. Qc2 Bd7 16. Rfd1 Bc6 17. Qb2 Nfd7 18. f4 Ng6 19. Ngf3 Nb6 20. Nd4 Qf6 21. N2f3 Rd7 22. Rab1 Rad8 23. Rbc1 h6 24. Qa1 Bd5 25. Qc3 Be4 26. Qe1 Bxf3 27. Nxf3 Qb2 28. Rxd7 Rxd7 29. Nd4 Qxa3 30. Bh5 Ne7 31. Ra1 Qb2 32. Rb1 Qa2 33. Ra1 Qd5 34. Bf3 Qd6 35. b5 axb5 36. Nxb5 Qc5 37. Nd4 Ned5 38. Rc1 Qa3 39. Bxd5 Nxd5 40. Rc8+ Kh7 41. Kf2 Nxf4 42. exf4 Rxd4 43. g3 Qa2+ 44. Kf3 Qd5+ 45. Kf2 Rd2+ 46. Ke3 Qd3# 0-1

[Event "Titled Tuesday intern op 05th Sep Early"]
[Site "Chess.com INT"]
[Date "2023.09.05"]
[Round "4"]
[White "Korobov, Anton"]
[Black "Aaditya, Dhingra"]
[Result "1-0"]
[WhiteElo "2652"]
[BlackElo "2495"]
[PlyCount "101"]
[EventDate "2023.09.05"]
[EventType "swiss (blitz)"]
[EventRounds "11"]
[EventCountry "USA"]
[SourceTitle "EXT 2024"]
[Source "ChessBase"]
[SourceDate "2023.10.10"]
[SourceVersion "1"]
[SourceVersionDate "2023.10.10"]
[SourceQuality "1"]

1. d4 d5 2. c4 c6 3. cxd5 cxd5 4. Nc3 Nf6 5. Bg5 Nc6 6. Bxf6 gxf6 7. e3 e6 8. Bd3 Bd6 9. Nf3 f5 10. 0-0 0-0 11. Rc1 a6 12. Na4 Qf6 13. g3 Kh8 14. Nc5 Rg8 15. Kh1 Ne7 16. Qb3 Ng6 17. Na4 b5 18. Nb6 Rb8 19. Rc6 Qe7 20. Nxc8 Rgxc8 21. Rxa6 b4 22. Qa4 Qd8 23. h4 Rc7 24. Ra7 Rxa7 25. Qxa7 Kg7 26. Ng5 Qe7 27. Qxe7 Nxe7 28. Rc1 Ra8 29. Bb1 h6 30. Nf3 Kf6 31. Kg2 Ra7 32. Ne1 Rc7 33. Rxc7 Bxc7 34. Nd3 Bd6 35. Bc2 Nc6 36. Ba4 Na5 37. b3 Ke7 38. f3 Nb7 39. Bc6 Nd8 40. Bb5 f6 41. Nf4 Bxf4 42. exf4 Nf7 43. g4 Nd6 44. Bd3 fxg4 45. fxg4 f5 46. g5 Kf7 47. h5 Kg7 48. g6 Ne4 49. Bb5 Nf6 50. Be2 Ne4 51. Kf1 1-0

[Event "Titled Tuesday intern op 29th Aug Early"]
[Site "Chess.com INT"]
[Date "2023.08.29"]
[Round "10"]
[White "Aaditya, Dhingra"]
[Black "Molina, Roberto Junio Brito"]
[Result "0-1"]
[WhiteElo "2457"]
[BlackElo "2376"]
[PlyCount "98"]
[EventDate "2023.08.29"]
[EventType "swiss (blitz)"]
[EventRounds "11"]
[EventCountry "USA"]
[SourceTitle "EXT 2024"]
[Source "ChessBase"]
[SourceDate "2023.10.10"]
[SourceVersion "1"]
[SourceVersionDate "2023.10.10"]
[SourceQuality "1"]

1. e4 c6 2. d4 d5 3. e5 Bf5 4. h4 Qb6 5. h5 h6 6. Ne2 e6 7. Nf4 c5 8. c3 Nc6 9. Ne2 0-0-0 10. a3 c4 11. Ng3 Bh7 12. Nd2 Na5 13. Be2 Kb8 14. Ngf1 Ne7 15. Ne3 Nc8 16. f4 Be7 17. g4 f6 18. Nf3 Be4 19. 0-0 Nb3 20. Ra2 fxe5 21. Nxe5 Nd6 22. Bd2 Bb1 23. Qxb1 Nxd2 24. Qg6 Nxf1 25. Bxf1 Bf6 26. Nf3 Ne4 27. Bxc4 Qc7 28. Ne5 Rhf8 29. Bd3 Bxe5 30. fxe5 Ng5 31. Ra1 Rf3 32. Re1 Rdf8 33. Bf1 Qf7 34. Qxf7 R3xf7 35. Bg2 Rf2 36. Rf1 Rxf1+ 37. Nxf1 b5 38. Nd2 Kc7 39. Bf1 a6 40. Kg2 Kb6 41. Bd3 a5 42. Nb3 b4 43. axb4 axb4 44. Nc5 Ra8 45. cxb4 Ra2 46. Kg3 Kc6 47. b5+ Kb6 48. Bg6 Kxb5 49. Bf7 Nxf7 0-1

[Event "Titled Tuesday intern op 22nd Aug Early"]
[Site "Chess.com INT"]
[Date "2023.08.22"]
[Round "6"]
[White "Aaditya, Dhingra"]
[Black "Timofeev, Artyom"]
[Result "0-1"]
[WhiteElo "2457"]
[BlackElo "2576"]
[PlyCount "100"]
[EventDate "2023.08.22"]
[EventType "swiss (blitz)"]
[EventRounds "11"]
[EventCountry "USA"]
[SourceTitle "EXT 2024"]
[Source "ChessBase"]
[SourceDate "2023.10.10"]
[SourceVersion "1"]
[SourceVersionDate "2023.10.10"]
[SourceQuality "1"]

1. d4 e6 2. c4 Bb4+ 3. Bd2 Qe7 4. Nc3 Nf6 5. Nf3 0-0 6. g3 d6 7. Bg2 e5 8. 0-0 Bxc3 9. Bxc3 e4 10. Ne1 d5 11. Nc2 Re8 12. Ne3 c6 13. Rc1 Be6 14. b3 Nbd7 15. Qd2 Nf8 16. Bb4 Qd7 17. cxd5 cxd5 18. Rc2 Ng6 19. Rfc1 Rac8 20. a4 h5 21. Rxc8 Rxc8 22. Rxc8+ Qxc8 23. Qc3 Qd7 24. h4 Ne7 25. Qc5 Nc6 26. Ba3 Kh7 27. Nc2 Bh3 28. Bh1 Qg4 29. Kh2 Bf1 30. Ne3 Qxe2 31. Qc2 Qxc2 32. Nxc2 Bd3 33. Ne3 Nxd4 34. Bb2 Nxb3 35. Bxf6 gxf6 36. Nxd5 f5 37. Bg2 b6 38. Bh3 Nd4 39. Ne7 Bc2 40. Nxf5 Nxf5 41. Bxf5+ Kg7 42. Bd7 Kf6 43. g4 hxg4 44. Kg3 Bd1 45. Kf4 Bf3 46. h5 Kg7 47. Kg5 f6+ 48. Kf5 Kh6 49. Be8 e3 50. fxe3 g3 0-1

[Event "Titled Tuesday intern op 22nd Aug Early"]
[Site "Chess.com INT"]
[Date "2023.08.22"]
[Round "8"]
[White "Reprintsev, Alexander"]
[Black "Aaditya, Dhingra"]
[Result "1-0"]
[WhiteElo "2225"]
[BlackElo "2457"]
[PlyCount "59"]
[EventDate "2023.08.22"]
[EventType "swiss (blitz)"]
[EventRounds "11"]
[EventCountry "USA"]
[SourceTitle "EXT 2024"]
[Source "ChessBase"]
[SourceDate "2023.10.10"]
[SourceVersion "1"]
[SourceVersionDate "2023.10.10"]
[SourceQuality "1"]

1. e4 c5 2. b3 Nc6 3. Bb2 d6 4. Bb5 Bd7 5. Ne2 a6 6. Bxc6 Bxc6 7. f3 Nf6 8. d4 cxd4 9. Nxd4 Bd7 10. c4 e6 11. Nc3 Be7 12. Qd2 0-0 13. h4 Rb8 14. a4 Re8 15. g4 Bc6 16. 0-0-0 Nd7 17. g5 Nc5 18. Qc2 Qb6 19. Ba3 Rbc8 20. b4 Nxa4 21. Nxa4 Bxa4 22. Qxa4 Rxc4+ 23. Nc2 Rec8 24. Rh2 Qe3+ 25. Kb1 Qxf3 26. Rdd2 Qxe4 27. Bb2 d5 28. Rde2 Qd3 29. Qa3 Qf3 30. Qxf3 1-0

[Event "Titled Tuesday intern op 22nd Aug Early"]
[Site "Chess.com INT"]
[Date "2023.08.22"]
[Round "4"]
[White "Zenin, Dmitri"]
[Black "Aaditya, Dhingra"]
[Result "0-1"]
[WhiteElo "2163"]
[BlackElo "2457"]
[PlyCount "118"]
[EventDate "2023.08.22"]
[EventType "swiss (blitz)"]
[EventRounds "11"]
[EventCountry "USA"]
[SourceTitle "EXT 2024"]
[Source "ChessBase"]
[SourceDate "2023.10.10"]
[SourceVersion "1"]
[SourceVersionDate "2023.10.10"]
[SourceQuality "1"]

1. d4 g6 2. c4 Bg7 3. e4 c5 4. Nf3 d6 5. d5 Nf6 6. Nc3 0-0 7. Bd3 e6 8. h3 exd5 9. cxd5 Re8 10. 0-0 Na6 11. Re1 Nc7 12. a4 Rb8 13. Bf4 a6 14. a5 b5 15. axb6 Rxb6 16. Qd2 Nb5 17. Na4 Rb7 18. Rab1 Bd7 19. b3 Qc7 20. Rbc1 Qd8 21. Nb2 Nd4 22. Nxd4 cxd4 23. Nc4 Nh5 24. Bg5 Qb8 25. g4 Nf6 26. Bf4 Bf8 27. Na5 Rxb3 28. Nxb3 Qxb3 29. Rc4 Bg7 30. Rb4 Qa3 31. Bxd6 Qc3 32. Qxc3 dxc3 33. Rc1 Bb5 34. Bxb5 axb5 35. f3 Rd8 36. Bf4 Nd7 37. Rxb5 Nc5 38. Rxc5 Bd4+ 39. Kg2 Bxc5 40. Rxc3 Bd4 41. Rc4 Bg7 42. d6 f6 43. h4 Bf8 44. Rc6 Kf7 45. g5 fxg5 46. hxg5 Ke6 47. d7+ Kxd7 48. Rc7+ Ke6 49. Rxh7 Be7 50. Rg7 Rd3 51. Kg3 Rd1 52. Rxg6+ Kf7 53. Rc6 Rg1+ 54. Kh3 Rh1+ 55. Kg4 Rf1 56. Be5 Rg1+ 57. Kf5 Rxg5+ 58. Kf4 Rh5 59. Rc7 Ke6 0-1